Normal view
MARC view
- Coe,Norman تأليف/Harrison,Mark تأليف
Entry Personal Name
001 - CONTROL NUMBER
- control field: 2120
003 - CONTROL NUMBER IDENTIFIER
- control field: JO-AjAnu
005 - DATE AND TIME OF LATEST TRANSACTION
- control field: 20230606070642.0
008 - FIXED-LENGTH DATA ELEMENTS
- fixed length control field: 230606|| aca||aabn | a|a d
040 ## - CATALOGING SOURCE
- Original cataloging agency: JO-AjAnu
- Transcribing agency: JO-AjAnu
100 ## - HEADING--PERSONAL NAME
- Personal name: Coe,Norman تأليف/Harrison,Mark تأليف
670 ## - SOURCE DATA FOUND
- Source citation: Work cat.: (JO-AjAnu)1113: Coe,Norman تأليف/Harrison,Mark تأليف, author, Oxford Practice Grammar With Answers:Basic,With Tests